Estudio descriptivo sobre el resultado del citoquimico de orina en un grupo de recien nacidos : normales, con alteraciones y de bajo peso (Registro nro. 87453)

Detalles MARC
000 -CABECERA
campo de control de longitud fija 01052nam a2200301 u 4500
001 - NÚMERO DE CONTROL
campo de control 188448
005 - FECHA Y HORA DE LA ÚLTIMA TRANSACCIÓN
campo de control 20260506081310.0
008 - DATOS DE LONGITUD FIJA--INFORMACIÓN GENERAL
campo de control de longitud fija 980529s1980 ||||||m| spa
035 ## - NÚMERO DE CONTROL DEL SISTEMA
Número de control de sistema 188448
040 ## - FUENTE DE LA CATALOGACIÓN
Centro/agencia transcriptor comduadb
041 ## - CÓDIGO DE LENGUA
Código de lengua del texto/banda sonora o título independiente spa
080 ## - NÚMERO DE LA CLASIFICACIÓN DECIMAL UNIVERSAL
Número de la Clasificación Decimal Universal QY
100 10 - ENTRADA PRINCIPAL--NOMBRE DE PERSONA
Nombre de persona Almengor Newball, Sandra Josefa
Código de función aut
Término indicativo de función/relación Autor/a
9 (RLIN) 495469
245 10 - TÍTULO PROPIAMENTE DICHO
Título propiamente dicho Estudio descriptivo sobre el resultado del citoquimico de orina en un grupo de recien nacidos : normales, con alteraciones y de bajo peso
260 ## - PUBLICACIÓN, DISTRIBUCIÓN, ETC.
Lugar de publicación, distribución, etc. Medellín :
Nombre del editor, distribuidor, etc. Universidad de Antioquia. Facultad Nacional de Salud Pública,
Fecha de publicación, distribución, etc. 1980.
300 ## - DESCRIPCIÓN FÍSICA
Extensión 38 hojas
500 ## - NOTA GENERAL
Nota general Donacion: autores 80/12/16.
502 ## - NOTA DE TESIS
Tipo de título Tesis (Magíster en Salud Pública).
Nombre de la institución que otorga el título Universidad de Antioquia. Facultad Nacional de Salud Pública,
526 ## - NOTA DE INFORMACIÓN SOBRE EL PROGRAMA DE ESTUDIO
Nombre del programa Universidad de Antioquia. Facultad Nacional de Salud Pública. Maestría Salud Pública.
650 ## - PUNTO DE ACCESO ADICIONAL DE MATERIA--TÉRMINO DE MATERIA
Término de materia o nombre geográfico como elemento de entrada Orina
9 (RLIN) 50127
650 ## - PUNTO DE ACCESO ADICIONAL DE MATERIA--TÉRMINO DE MATERIA
Término de materia o nombre geográfico como elemento de entrada Análisis
9 (RLIN) 5761
650 #7 - PUNTO DE ACCESO ADICIONAL DE MATERIA--TÉRMINO DE MATERIA
Término de materia o nombre geográfico como elemento de entrada Diagnóstico de laboratorio
Fuente del encabezamiento o término lemb
9 (RLIN) 40299
700 10 - ENTRADA AGREGADA--NOMBRE PERSONAL
Nombre de persona Duque Jaramillo, Beatriz
Código de función aut
Término indicativo de función/relación Autor/a
9 (RLIN) 279715
700 10 - ENTRADA AGREGADA--NOMBRE PERSONAL
Nombre de persona Dutary de Espinosa, Esperanza
Código de función aut
Término indicativo de función/relación Autor/a
9 (RLIN) 279716
700 10 - ENTRADA AGREGADA--NOMBRE PERSONAL
Nombre de persona Martínez Ruiz, Ana Orfilia
Código de función aut
Término indicativo de función/relación Autor/a
700 10 - ENTRADA AGREGADA--NOMBRE PERSONAL
Nombre de persona Hernandez Zapata, Augusto
Código de función ths
Término indicativo de función/relación Asesor/a de tesis
9 (RLIN) 273888
942 ## - ELEMENTOS DE ENTRADA AGREGADA (KOHA)
Tipo de ítem Koha Tesis
Existencias
Estado de retiro Estado de pérdida Estado dañado No para préstamo Código de colección Localización permanente Ubicación/localización actual Fecha de adquisición Número de inventario Total de préstamos Signatura topográfica completa Código de barras Fecha visto por última vez Número de copia Precio válido a partir de Tipo de ítem Koha
        Colección Semiactiva Biblioteca de Salud Pública, Campus Medellín Biblioteca de Salud Pública, Campus Medellín 29/05/1998 C260771   QY185 E8-80 61000000721007 22/04/2023 1 22/04/2023 Tesis